| 000 | 00604nam a2200205Ia 4500 | ||
|---|---|---|---|
| 003 | LK-CoDNM | ||
| 005 | 20240927104323.0 | ||
| 008 | 010623t1865 xxu||||| |||| 00| 1 eng d | ||
| 040 |
_aLK-CoDNM _dLK-CoDNM _eLK-CoDNM |
||
| 041 | _aeng | ||
| 080 |
_a24 _bJ11 |
||
| 100 | _aTaylor,W. | ||
| 245 | _aHandbook of Hindu Mythology of Philosophy with Some Biographical Notices | ||
| 260 |
_bGantz Brothers _aMadras _c1865 |
||
| 300 | _bx, 143p. ; 22 cm | ||
| 650 | _aHandbook of Hindu Mythology of Philosophy with Some Biographical Notices | ||
| 650 | _a24 J11 | ||
| 650 | _aTaylor. W | ||
| 942 | _cBK | ||
| 999 |
_c81590 _d81590 |
||